000
00300nam a2200109Ia 4500
008
171211s9999 xx 000 0 und d
245
_a
Thinking About Landscape Architecture
245
_c
Bruce Sharky
260
_c
2016
650
_x
Design
856
_u
http://down.ebook777.com/060/9781138847170.pdf
999
_c
347958
_d
347958